Los Angeles Lakers 2024-2025 Roster - Statistics

General Stats
  • This quiz has been taken 332 times
    226 since last reset
  • The average score is 12 of 19
Answer Stats
Jersey # Answer % Correct
23 Lebron James
99%
77 Luka Doncic
98%
15 Austin Reaves
90%
9 Bronny James
90%
28 Rui Hachimura
80%
11 Jaxson Hayes
73%
4 Dalton Knecht
71%
7 Gabe Vincent
71%
17 Dorian Finney-Smith
68%
2 Jared Vanderbilt
65%
88 Markieff Morris
57%
25 Alex Len
53%
14 Maxi Kleber
45%
30 Jordan Goodwin
42%
20 Shake Milton
39%
10 Christian Koloko
38%
55 Trey Jemison III
37%
5 Cam Reddish
26%
35 Christian Wood
18%
No matching quizzes found
Score Distribution
Percent of People with Each Score
Percentile by Number Answered
Your Score History
You have not taken this quiz since the last reset